000 00967nam a2200253Ia 4500
999 _c41255
_d41255
001 7908
003 GE_BSU
005 20220930114939.0
008 181216sru 2010xx |||||||||||||| ||rus||
020 _a9785970414415
040 _cGE_BSU
041 _arus
080 _a577(075.8)+544 Ф-50
245 _aФизическая и коллоидная химия :
_bучебник /
_cА.П. Беляев, В.И. Кучук и др. Под ред: А.П. Беляева,
264 _aМосква :
_bИзд.группа Геотар-медиа,
_c2010.
300 _a704 стр.:
_c21 см.
653 _aФизическая и коллоидная химия
653 _aფიზიკური და კოლოიდური ქიმია
653 _aქიმია
700 _aБеляев,А.П.
_914912
700 _a Кучук В.И.
_914913
700 _aБеляева, А.П.
_eრედაქტორი
_914914
942 _cBK
_2udc